00446 2200157 4500001002100000005001500021035002000036245010100056100002100157300002600178260002800204082000800232084001400240020002200254990001200276INLIS00000000000296720250917021434 a0010-09250003141 aLong Distance Relationship :bCinta Sejati Tak Berhitung Jarak, Ruang, Waktu /cEidelweis Almira0 aEidelweis Almira a252 hlm ;c13 x 19 cm aJakarta :bZettu,c2014 a813 a813 EID l a978-602-7999-46-6 a0755666